Chevrolet Models - Statistics

General Stats
  • This quiz has been taken 201 times
  • The average score is 10 of 20
Answer Stats
Picture Answer % Correct
Camaro
94%
Corvette (C8)
93%
Silverado
86%
Impala
71%
Tahoe
71%
Suburban
69%
Chevelle
56%
Colorado
52%
Equinox
52%
Cruze
50%
Blazer
48%
Spark
42%
Bolt
40%
Trailblazer
40%
Volt
39%
Trax
36%
Traverse
35%
Cobalt
29%
Nova
25%
Lumina
16%
No matching quizzes found
Score Distribution
Percent of People with Each Score
Percentile by Number Answered
Your Score History
You have not taken this quiz